| 000 | 00380cam a2200157ua 4500 | ||
|---|---|---|---|
| 041 |
_aeng _h |
||
| 082 |
_a823.308 _bTOL/WA |
||
| 100 | _aTolstoy, Leo. | ||
| 245 |
_aWar and peace, Vol 2 / _cLeo Tolstoy. _hTextual Documents |
||
| 250 |
_a1 / _b. |
||
| 260 |
_aLondon : _bJ M Dent and Sons Ltd , _c1958. |
||
| 300 | _a364 ; . | ||
| 504 | _a | ||
| 942 | _cBK | ||
| 999 |
_c7819 _d7819 |
||